[Event "SRB-chT 1st League"]
[Site "Serbia"]
[Date "2005.09.27"]
[Round "4.2"]
[White "Milosevic, Slavisa"]
[Black "Stamenkovic, Zoran"]
[Result "0-1"]
[WhiteElo "2291"]
[BlackElo "2421"]
[PlyCount "78"]
[EventDate "2005.09.25"]
[EventType "team"]
[EventRounds "11"]
[EventCountry "SRB"]
[SourceTitle "EXT 2012"]
[Source "ChessBase"]
[SourceDate "2011.11.24"]
[SourceVersion "1"]
[SourceVersionDate "2011.11.24"]
[SourceQuality "1"]
[WhiteTeam "Smederevska Palanka Jasenica"]
[BlackTeam "Bozevac Zadrugar"]
[WhiteTeamCountry "SRB"]
[BlackTeamCountry "SRB"]

1. e4 e6 2. d4 d5 3. exd5 exd5 4. Qf3 Be6 5. Bd3 Qd7 6. h3 Nc6 7. c3 0-0-0 8. Ne2 Bd6 9. Bf4 Nge7 10. Bxd6 Qxd6 11. Nd2 Ng6 12. 0-0 h5 13. Rfe1 Nh4 14. Qf4 g5 15. Qxd6 Rxd6 16. g3 Nf5 17. Kh2 Rg8 18. Nf1 Bd7 19. Ng1 Rf6 20. Re2 Nd6 21. Kg2 Be6 22. Rae1 Ne7 23. Nh2 Ng6 24. Ngf3 Bxh3+ 25. Kg1 Nf4 26. Re3 Ng2 27. Bf1 Nxe1 28. Bxh3+ g4 29. Rxe1 gxh3 30. Kf1 Ne4 31. Re3 h4 32. g4 Rf4 33. Ke1 f5 34. g5 Nxg5 35. Nxg5 Rxg5 36. Rxh3 Rg1+ 37. Ke2 Re4+ 38. Kd3 Rd1+ 39. Kc2 Rh1 0-1

[Event "Serbia-chT central"]
[Site "Golubac"]
[Date "2003.??.??"]
[Round "?"]
[White "Ilic, Dragan M"]
[Black "Stamenkovic, Zoran"]
[Result "1/2-1/2"]
[WhiteElo "2352"]
[BlackElo "2421"]
[PlyCount "23"]
[EventDate "2003.09.27"]
[EventType "team"]
[EventRounds "11"]
[EventCountry "YUG"]
[SourceTitle "CBM 096 Extra"]
[Source "ChessBase"]
[SourceDate "2003.10.22"]
[SourceVersion "2"]
[SourceVersionDate "2003.10.20"]
[SourceQuality "1"]

1. d4 d5 2. c4 e6 3. Nf3 c5 4. cxd5 exd5 5. g3 Nf6 6. Bg2 Be7 7. 0-0 0-0 8. Nc3 Nc6 9. b3 Ne4 10. Bb2 Bf6 11. Na4 b6 12. Rb1 1/2-1/2

[Event "Serbia-chT central"]
[Site "Golubac"]
[Date "2003.??.??"]
[Round "?"]
[White "Nikolic, Zoran"]
[Black "Stamenkovic, Zoran"]
[Result "1/2-1/2"]
[WhiteElo "2211"]
[BlackElo "2421"]
[PlyCount "44"]
[EventDate "2003.09.27"]
[EventType "team"]
[EventRounds "11"]
[EventCountry "YUG"]
[SourceTitle "CBM 096 Extra"]
[Source "ChessBase"]
[SourceDate "2003.10.22"]
[SourceVersion "2"]
[SourceVersionDate "2003.10.20"]
[SourceQuality "1"]

1. e4 e6 2. d4 d5 3. Nc3 Nf6 4. Bg5 Bb4 5. e5 h6 6. Bd2 Bxc3 7. bxc3 Ne4 8. Qg4 g6 9. h4 c5 10. Bd3 Nxd2 11. Kxd2 Qe7 12. h5 g5 13. f4 gxf4 14. Nf3 Bd7 15. Rab1 Bc6 16. Qxf4 Nd7 17. Rh4 0-0-0 18. Rg4 c4 19. Be2 Rh7 20. Nh4 f5 21. Rg6 Nf8 22. Rf6 Nd7 1/2-1/2

[Event "Serbia-chT central"]
[Site "Golubac"]
[Date "2003.??.??"]
[Round "?"]
[White "Stamenkovic, Zoran"]
[Black "Stankovic, Bozidar"]
[Result "1-0"]
[WhiteElo "2421"]
[BlackElo "2264"]
[PlyCount "67"]
[EventDate "2003.09.27"]
[EventType "team"]
[EventRounds "11"]
[EventCountry "YUG"]
[SourceTitle "CBM 096 Extra"]
[Source "ChessBase"]
[SourceDate "2003.10.22"]
[SourceVersion "2"]
[SourceVersionDate "2003.10.20"]
[SourceQuality "1"]

1. d4 f5 2. c4 Nf6 3. g3 g6 4. Bg2 Bg7 5. Nf3 0-0 6. 0-0 d6 7. Nc3 Qe8 8. b3 h6 9. Bb2 g5 10. d5 c5 11. dxc6 bxc6 12. Nd4 Qd7 13. b4 Bb7 14. Qc2 e6 15. Rad1 d5 16. Na4 Na6 17. b5 cxb5 18. cxb5 Rfc8 19. Qd2 Nc5 20. Nxc5 Rxc5 21. Qe3 Rac8 22. Nxe6 Rxb5 23. Nxg7 Rxb2 24. Qe5 Rb6 25. Nxf5 Re8 26. Nxh6+ Kh7 27. Qxg5 Ne4 28. Qh5 Nc3 29. Nf5+ Kg8 30. Qg4+ Kh7 31. Rd2 Qf7 32. Qh4+ Kg6 33. Qh6+ Kxf5 34. g4+ 1-0

[Event "YUG Cup"]
[Site "Ulcinj"]
[Date "1998.??.??"]
[Round "5"]
[White "Popovic, Petar"]
[Black "Stamenkovic, Zoran"]
[Result "1-0"]
[WhiteElo "2525"]
[BlackElo "2430"]
[PlyCount "73"]
[EventDate "1998.??.??"]
[EventType "team"]
[EventRounds "7"]
[EventCountry "YUG"]
[SourceTitle "EXT 1999"]
[Source "ChessBase"]
[SourceDate "1998.11.16"]
[SourceVersion "1"]
[SourceVersionDate "1998.11.16"]
[SourceQuality "1"]

1. e4 e6 2. d4 d5 3. Nd2 Nf6 4. e5 Nfd7 5. c3 c5 6. Bd3 Nc6 7. Ne2 cxd4 8. cxd4 f6 9. exf6 Nxf6 10. Nf3 Bd6 11. 0-0 Qc7 12. Bg5 0-0 13. Rc1 h6 14. Bh4 Ne4 15. Nc3 Bf4 16. Rc2 Ng5 17. Bxg5 hxg5 18. g3 g4 19. Nh4 Bh6 20. Qxg4 Qf7 21. Bg6 Qf6 22. Rd1 e5 23. Qh5 Nxd4 24. Nxd5 Qg5 25. Rc7 Bg4 26. Bf7+ Kh7 27. Qg6+ Kh8 28. Rd3 Rxf7 29. Qxf7 Bh5 30. Qe7 Rd8 31. Qc5 b6 32. Qc4 Be2 33. Ne7 e4 34. Rxd4 Bxc4 35. Rxd8+ Kh7 36. Rxc4 Qxe7 37. Rh8+ 1-0

[Event "YUG-ch52"]
[Site "Niksic"]
[Date "1997.??.??"]
[Round "1"]
[White "Damljanovic, Branko"]
[Black "Stamenkovic, Zoran"]
[Result "1-0"]
[WhiteElo "2540"]
[BlackElo "2415"]
[PlyCount "121"]
[EventDate "1997.??.??"]
[EventType "tourn"]
[EventRounds "15"]
[EventCountry "YUG"]
[EventCategory "10"]
[SourceTitle "EXT 2000"]
[Source "ChessBase"]
[SourceDate "1999.11.16"]
[SourceVersion "1"]
[SourceVersionDate "1999.11.16"]
[SourceQuality "1"]

1. Nf3 d5 2. c4 e6 3. g3 Nf6 4. Bg2 Be7 5. 0-0 0-0 6. b3 c5 7. Bb2 Nc6 8. e3 d4 9. exd4 cxd4 10. Re1 Ne8 11. d3 f6 12. Na3 e5 13. Nc2 Nc7 14. Qe2 Bg4 15. h3 Be6 16. Nd2 Qd7 17. Qf1 a5 18. f4 Nb4 19. Nxb4 Bxb4 20. Re2 Bc3 21. Ne4 Bxb2 22. Rxb2 Na6 23. Rf2 exf4 24. Rxf4 h6 25. Re1 Rae8 26. g4 b6 27. Ng3 Nc5 28. Ne2 Bf7 29. Rxd4 Qe7 30. Be4 Ne6 31. Rd5 Ng5 32. Nf4 Qc7 33. Rf5 Qd6 34. Kg2 Nxe4 35. dxe4 Qd4 36. Qd3 Qxd3 37. Nxd3 Bg6 38. Rf4 Bh7 39. Nf2 Re6 40. Rf3 Rfe8 41. Rfe3 f5 42. gxf5 Bxf5 43. Kf3 Bg6 44. Rd3 a4 45. Ree3 axb3 46. axb3 Rf8+ 47. Kg2 b5 48. c5 b4 49. Rd6 Rfe8 50. Rxe6 Rxe6 51. Kf3 Rc6 52. Nd3 Bf7 53. Kf4 Kf8 54. Ke5 Bxb3 55. Kd4 Be6 56. Nxb4 Rc8 57. c6 Ke7 58. Ke5 Bf7 59. Nd5+ Ke8 60. Rc3 Kd8 61. c7+ 1-0

[Event "YUG-chT"]
[Site "Niksic"]
[Date "1997.??.??"]
[Round "3"]
[White "Ilincic, Zlatko"]
[Black "Stamenkovic, Zoran"]
[Result "1-0"]
[WhiteElo "2545"]
[BlackElo "2425"]
[PlyCount "133"]
[EventDate "1997.08.27"]
[EventType "team"]
[EventRounds "11"]
[EventCountry "YUG"]
[SourceTitle "CBM 059 Extra"]
[Source "ChessBase"]
[SourceDate "1997.09.26"]
[SourceVersion "1"]
[SourceVersionDate "1997.09.26"]
[SourceQuality "1"]

1. d4 d5 2. c4 e6 3. Nf3 c5 4. cxd5 exd5 5. g3 Nf6 6. Bg2 Be7 7. 0-0 0-0 8. dxc5 Bxc5 9. a3 Ne4 10. b4 Be7 11. Bb2 a5 12. b5 Bf6 13. Bxf6 Qxf6 14. Qd4 Nd7 15. Rc1 Re8 16. Ra2 Qh6 17. Rac2 Ndf6 18. Nc3 Be6 19. Na4 Nd6 20. Nb6 Rad8 21. Qb2 Bf5 22. Rc7 Be4 23. h3 Nf5 24. Rxb7 d4 25. Rbc7 d3 26. exd3 Bxf3 27. Bxf3 Nd4 28. Bg2 Ne2+ 29. Kf1 Ng4 30. hxg4 Nxc1 31. Qxc1 Qxb6 32. Qc4 Qf6 33. Be4 Re6 34. Kg2 Qb2 35. Bf5 Rf6 36. Qd5 Rf8 37. g5 Rb6 38. a4 g6 39. Be4 Qb4 40. Qc5 Qxc5 41. Rxc5 Rd8 42. Kf3 Rbd6 43. Ke3 h6 44. f4 hxg5 45. fxg5 Kf8 46. Rc7 Rd4 47. Rc4 R4d6 48. d4 Re8 49. Kd3 Rde6 50. d5 Re5 51. b6 Rb8 52. Rc6 Ke8 53. Kd4 Rxg5 54. Kc5 Rxg3 55. Kb5 Rb3+ 56. Ka6 Ra8+ 57. Kb7 Rd8 58. Ka7 f5 59. Bc2 Rd7+ 60. Ka6 Rb2 61. Bd3 f4 62. Bb5 f3 63. Rf6 Rxb5 64. axb5 Rf7 65. Rxf3 Rxf3 66. b7 Rf6+ 67. b6 1-0

[Event "YUG-ch52"]
[Site "Niksic"]
[Date "1997.??.??"]
[Round "10"]
[White "Pavlovic, Milos"]
[Black "Stamenkovic, Zoran"]
[Result "1-0"]
[WhiteElo "2505"]
[BlackElo "2415"]
[PlyCount "115"]
[EventDate "1997.??.??"]
[EventType "tourn"]
[EventRounds "15"]
[EventCountry "YUG"]
[EventCategory "10"]
[SourceTitle "EXT 2000"]
[Source "ChessBase"]
[SourceDate "1999.11.16"]
[SourceVersion "1"]
[SourceVersionDate "1999.11.16"]
[SourceQuality "1"]

1. d4 d5 2. c4 e6 3. Nf3 c5 4. cxd5 exd5 5. g3 Nf6 6. Bg2 Be7 7. 0-0 0-0 8. Nc3 Nc6 9. Bg5 cxd4 10. Nxd4 h6 11. Bf4 Qb6 12. Nxc6 bxc6 13. Qc2 Be6 14. Rad1 Rfd8 15. b3 Rac8 16. Be5 Qa5 17. Bd4 Nd7 18. e4 Nb6 19. Qe2 Re8 20. Bxb6 axb6 21. exd5 cxd5 22. Nxd5 Bg5 23. Qb2 Red8 24. b4 Qa4 25. h4 Bxd5 26. Bxd5 Be7 27. a3 Bf6 28. Qa2 Qa7 29. Rd3 Rc7 30. Rfd1 Rf8 31. Qe2 Re7 32. Qf3 Qc7 33. Bb3 Rfe8 34. Kg2 Qb7 35. Qxb7 Rxb7 36. Rd7 Rxd7 37. Rxd7 Re7 38. Rd8+ Kh7 39. Bc2+ g6 40. Rd6 Bb2 41. h5 Kg7 42. hxg6 Re6 43. Rxe6 fxe6 44. a4 Bc3 45. b5 Kf6 46. f4 Be1 47. Kh3 Kg7 48. g4 Kf6 49. f5 Bf2 50. Bb3 exf5 51. gxf5 Bd4 52. Kg4 Ke7 53. Kh5 Bg7 54. f6+ Bxf6 55. Kxh6 Kf8 56. Kh7 Bd4 57. a5 bxa5 58. b6 1-0

[Event "YUG-chT"]
[Site "Niksic"]
[Date "1997.??.??"]
[Round "8"]
[White "Pavlovic, Milos"]
[Black "Stamenkovic, Zoran"]
[Result "1-0"]
[WhiteElo "2485"]
[BlackElo "2425"]
[PlyCount "53"]
[EventDate "1997.08.27"]
[EventType "team"]
[EventRounds "11"]
[EventCountry "YUG"]
[SourceTitle "CBM 059 Extra"]
[Source "ChessBase"]
[SourceDate "1997.09.26"]
[SourceVersion "1"]
[SourceVersionDate "1997.09.26"]
[SourceQuality "1"]

1. e4 e6 2. d4 d5 3. Nc3 Nf6 4. Bg5 Be7 5. e5 Nfd7 6. h4 a6 7. Qg4 Bxg5 8. hxg5 c5 9. g6 f5 10. Qf4 h6 11. dxc5 Nc6 12. Nf3 0-0 13. 0-0-0 Nxc5 14. Bc4 Qe8 15. Rxd5 Ne4 16. Nd4 Nxd4 17. Rxd4 Nxc3 18. bxc3 Qxg6 19. Rd3 Qxg2 20. Rxh6 Qe4 21. Qg5 Qxc4 22. Rg6 Qc7 23. f4 Rf7 24. Qh4 Bd7 25. Rh3 Kf8 26. Qg5 Ke8 27. Rh8+ 1-0

[Event "YUG-ch52"]
[Site "Niksic"]
[Date "1997.??.??"]
[Round "8"]
[White "Popovic, Petar"]
[Black "Stamenkovic, Zoran"]
[Result "1-0"]
[WhiteElo "2545"]
[BlackElo "2415"]
[PlyCount "55"]
[EventDate "1997.??.??"]
[EventType "tourn"]
[EventRounds "15"]
[EventCountry "YUG"]
[EventCategory "10"]
[SourceTitle "EXT 2000"]
[Source "ChessBase"]
[SourceDate "1999.11.16"]
[SourceVersion "1"]
[SourceVersionDate "1999.11.16"]
[SourceQuality "1"]

1. e4 e6 2. d4 d5 3. Nd2 Nf6 4. e5 Nfd7 5. c3 c5 6. Bd3 Nc6 7. Ne2 cxd4 8. cxd4 f6 9. exf6 Nxf6 10. Nf3 Bd6 11. 0-0 Qc7 12. Nc3 a6 13. Bg5 0-0 14. Bh4 Nh5 15. Rc1 g6 16. Na4 Bd7 17. Bg5 b5 18. Nc5 Rxf3 19. Qxf3 Nxd4 20. Qd1 Bxh2+ 21. Kh1 Qe5 22. Qg4 Be8 23. Rfe1 Qg7 24. Kxh2 e5 25. Qh4 e4 26. Nxe4 Nf5 27. Nf6+ Nxf6 28. Bxf5 1-0

[Event "YUG-ch52"]
[Site "Niksic"]
[Date "1997.??.??"]
[Round "11"]
[White "Stamenkovic, Zoran"]
[Black "Blagojevic, Dragisa"]
[Result "1/2-1/2"]
[WhiteElo "2415"]
[BlackElo "2485"]
[PlyCount "43"]
[EventDate "1997.??.??"]
[EventType "tourn"]
[EventRounds "15"]
[EventCountry "YUG"]
[EventCategory "10"]
[SourceTitle "EXT 2000"]
[Source "ChessBase"]
[SourceDate "1999.11.16"]
[SourceVersion "1"]
[SourceVersionDate "1999.11.16"]
[SourceQuality "1"]

1. d4 d5 2. c4 c6 3. Nf3 Nf6 4. Nc3 e6 5. e3 Nbd7 6. Bd3 dxc4 7. Bxc4 b5 8. Bd3 a6 9. e4 c5 10. d5 c4 11. dxe6 fxe6 12. Bc2 Qc7 13. 0-0 Bc5 14. Qe2 Ne5 15. Bf4 Nxf3+ 16. Qxf3 e5 17. Bg5 0-0 18. Bxf6 gxf6 19. a4 Rb8 20. axb5 axb5 21. Nd5 Qg7 22. b3 1/2-1/2

[Event "YUG-ch52"]
[Site "Niksic"]
[Date "1997.??.??"]
[Round "13"]
[White "Stamenkovic, Zoran"]
[Black "Kosic, Dragan"]
[Result "0-1"]
[WhiteElo "2415"]
[BlackElo "2515"]
[PlyCount "80"]
[EventDate "1997.??.??"]
[EventType "tourn"]
[EventRounds "15"]
[EventCountry "YUG"]
[EventCategory "10"]
[SourceTitle "EXT 2000"]
[Source "ChessBase"]
[SourceDate "1999.11.16"]
[SourceVersion "1"]
[SourceVersionDate "1999.11.16"]
[SourceQuality "1"]

1. d4 d5 2. c4 c6 3. Nf3 Nf6 4. Nc3 e6 5. e3 Nbd7 6. Bd3 dxc4 7. Bxc4 b5 8. Bd3 a6 9. e4 c5 10. d5 c4 11. Bc2 Qc7 12. 0-0 Bb7 13. Nd4 Nc5 14. b4 cxb3 15. axb3 b4 16. Na4 Ncxe4 17. Bxe4 Nxe4 18. dxe6 Bd6 19. exf7+ Qxf7 20. f3 Qh5 21. g3 0-0 22. fxe4 Qh3 23. Ra2 Bxe4 24. Re1 Bb7 25. Qd3 Rac8 26. Bg5 Rf7 27. Ne6 Bb8 28. Nac5 Ba7 29. Be3 Rf3 30. Rd1 Qxe6 31. Nxe6 Bxe3+ 32. Kg2 Rf6+ 33. Kh3 Rxe6 34. Re1 Rce8 35. Qc4 Kh8 36. g4 g5 37. Ree2 Rf8 38. Qxe6 Rf3+ 39. Kg2 Rf6+ 40. Kg3 Rxe6 0-1

[Event "YUG Cup"]
[Site "Ulcinj"]
[Date "1997.??.??"]
[Round "?"]
[White "Stamenkovic, Zoran"]
[Black "Paunovic, Dragan"]
[Result "0-1"]
[WhiteElo "2415"]
[BlackElo "2495"]
[PlyCount "158"]
[EventDate "1997.??.??"]
[EventType "team"]
[EventRounds "7"]
[EventCountry "YUG"]
[SourceTitle "EXT 1999"]
[Source "ChessBase"]
[SourceDate "1998.11.16"]
[SourceVersion "1"]
[SourceVersionDate "1998.11.16"]
[SourceQuality "1"]

1. d4 Nf6 2. c4 g6 3. g3 Bg7 4. Bg2 0-0 5. Nc3 d6 6. Nf3 c6 7. 0-0 Bf5 8. b3 Ne4 9. Bb2 Nxc3 10. Bxc3 Be4 11. Qd2 Nd7 12. Qe3 Nf6 13. Bh3 Bxf3 14. exf3 e6 15. a4 Re8 16. Rfd1 a6 17. a5 Qc7 18. f4 h5 19. Rac1 Rad8 20. Qd3 d5 21. Bb4 Rd7 22. Bg2 Qd8 23. Qc3 Qb8 24. Bc5 Rdd8 25. Qb4 Rd7 26. Rd2 Qd8 27. Re1 Qb8 28. Rde2 Qc7 29. Bf3 Qb8 30. Re3 Qc7 31. Qd2 Qb8 32. Kg2 Rdd8 33. Qe2 dxc4 34. bxc4 Nd7 35. Rb3 Nxc5 36. dxc5 Qc7 37. Reb1 Qxa5 38. Rxb7 Rd2 39. Qe4 Qxc5 40. Rf1 Bd4 41. Qxc6 Qxc6 42. Bxc6 Rc8 43. Bd7 Rd8 44. Rc7 Bxf2 45. Rxf2 R8xd7 46. Rxd7 Rxd7 47. Ra2 Rd4 48. Rxa6 Rxc4 49. Ra7 Rc5 50. Rb7 Kg7 51. Ra7 g5 52. fxg5 Rxg5 53. Kf3 Rb5 54. Ra3 Rb2 55. h3 Rh2 56. Ra5 h4 57. gxh4 Rxh3+ 58. Kg4 Rh1 59. Kg5 Rg1+ 60. Kh5 Rd1 61. Rg5+ Kh7 62. Rg1 Rd5+ 63. Kg4 Kg6 64. Kf4+ Kf6 65. Kg4 Rd4+ 66. Kh5 Rf4 67. Rh1 e5 68. Kh6 e4 69. h5 e3 70. Re1 Re4 71. Rf1+ Ke5 72. Kg7 f5 73. h6 Rg4+ 74. Kf7 Rh4 75. Kg6 f4 76. Kg5 e2 77. Re1 Rh2 78. Kg4 Ke4 79. h7 f3 0-1

[Event "YUG-chT"]
[Site "Vrnjacka Banja"]
[Date "1996.??.??"]
[Round "?"]
[White "Konjevic, Djordjije"]
[Black "Stamenkovic, Zoran"]
[Result "0-1"]
[WhiteElo "2380"]
[BlackElo "2385"]
[PlyCount "86"]
[EventDate "1996.??.??"]
[EventType "team"]
[EventRounds "11"]
[EventCountry "YUG"]
[SourceTitle "EXT 2000"]
[Source "ChessBase"]
[SourceDate "1999.11.16"]
[SourceVersion "1"]
[SourceVersionDate "1999.11.16"]
[SourceQuality "1"]

1. c4 e5 2. Nc3 Nc6 3. g3 g6 4. Bg2 Bg7 5. Rb1 Nf6 6. b4 0-0 7. b5 Ne7 8. Qb3 c5 9. e3 d6 10. Nge2 Bf5 11. e4 Be6 12. 0-0 Qd7 13. f3 h5 14. d3 h4 15. Rf2 hxg3 16. hxg3 Nh5 17. Nd5 f5 18. Bg5 Bxd5 19. cxd5 f4 20. g4 Bf6 21. Bxf6 Nxf6 22. Nc3 Kg7 23. b6 a6 24. Qa4 Qd8 25. g5 Nh7 26. Bh3 Nxg5 27. Bg4 Ng8 28. Rg2 Nf6 29. Be6 Nxf3+ 30. Kf2 Nh4 31. Rh2 Rh8 32. Rbh1 g5 33. Rg1 Ng6 34. Rhg2 Rh5 35. Rxg5 Rxg5 36. Rxg5 Qh8 37. Rg1 Qh2+ 38. Kf1 Kh6 39. Rg2 Qh1+ 40. Rg1 Qh3+ 41. Ke1 Qe3+ 42. Ne2 f3 43. Rh1+ Kg7 0-1

[Event "YUG-ch sf"]
[Site "Niska Banja"]
[Date "1996.??.??"]
[Round "7"]
[White "Pap, Misa"]
[Black "Stamenkovic, Zoran"]
[Result "0-1"]
[WhiteElo "2170"]
[BlackElo "2385"]
[PlyCount "42"]
[EventDate "1996.??.??"]
[EventType "swiss"]
[EventRounds "11"]
[EventCountry "YUG"]
[SourceTitle "EXT 2002"]
[Source "ChessBase"]
[SourceDate "2001.11.25"]
[SourceVersion "1"]
[SourceVersionDate "2001.11.25"]
[SourceQuality "1"]

1. e4 e6 2. d4 d5 3. e5 c5 4. c3 Nc6 5. Nf3 Bd7 6. Bd3 cxd4 7. cxd4 Qb6 8. Nc3 Nxd4 9. Nxd4 Qxd4 10. 0-0 a6 11. Qe2 Ne7 12. Kh1 Nc6 13. f4 Nb4 14. Rd1 Bc5 15. Bb5 Qf2 16. Bxd7+ Kxd7 17. Qg4 Nd3 18. h3 h5 19. Qxg7 Rag8 20. Qxf7+ Kd8 21. Qf6+ Be7 0-1

[Event "YUG-chT"]
[Site "Niksic"]
[Date "1996.??.??"]
[Round "?"]
[White "Pavlovic, Milos"]
[Black "Stamenkovic, Zoran"]
[Result "1/2-1/2"]
[WhiteElo "2505"]
[BlackElo "2385"]
[PlyCount "28"]
[EventDate "1996.??.??"]
[EventType "team"]
[EventRounds "12"]
[EventCountry "YUG"]
[SourceTitle "EXT 2000"]
[Source "ChessBase"]
[SourceDate "1999.11.16"]
[SourceVersion "1"]
[SourceVersionDate "1999.11.16"]
[SourceQuality "1"]

1. d4 d5 2. c4 e6 3. Nf3 c5 4. cxd5 exd5 5. g3 Nc6 6. Bg2 Nf6 7. 0-0 Be7 8. Be3 0-0 9. dxc5 Ng4 10. Bd4 Nxd4 11. Qxd4 Be6 12. Nc3 Rc8 13. Qf4 Rxc5 14. Nd4 h5 1/2-1/2

[Event "YUG-ch sf"]
[Site "Niska Banja"]
[Date "1996.??.??"]
[Round "8"]
[White "Stamenkovic, Zoran"]
[Black "Antic, Dejan"]
[Result "1-0"]
[WhiteElo "2385"]
[BlackElo "2445"]
[PlyCount "87"]
[EventDate "1996.??.??"]
[EventType "swiss"]
[EventRounds "11"]
[EventCountry "YUG"]
[SourceTitle "EXT 2002"]
[Source "ChessBase"]
[SourceDate "2001.11.25"]
[SourceVersion "1"]
[SourceVersionDate "2001.11.25"]
[SourceQuality "1"]

1. d4 Nf6 2. c4 g6 3. g3 Bg7 4. Bg2 0-0 5. Nc3 c5 6. d5 d6 7. Nf3 Na6 8. 0-0 Nc7 9. a4 e6 10. dxe6 Nxe6 11. Ng5 Nd4 12. Nb5 Ng4 13. Ne4 a6 14. Nbxd6 f5 15. Bg5 Qc7 16. Nxc8 fxe4 17. Ne7+ Kh8 18. Nd5 Qe5 19. Bf4 Qh5 20. h3 Ne5 21. Bxe5 Qxe5 22. Ra3 Bh6 23. Nc3 e3 24. f4 Qh5 25. g4 Qh4 26. Nd5 Rae8 27. b4 Qg3 28. g5 Bxg5 29. fxg5 Rf2 30. Nxe3 Rxg2+ 31. Nxg2 Qxa3 32. e3 Nf5 33. Qd7 Rxe3 34. Qd8+ Kg7 35. Qf6+ Kg8 36. Rxf5 gxf5 37. g6 Qc1+ 38. Kh2 Rxh3+ 39. Kxh3 Qh6+ 40. Kg3 hxg6 41. Nf4 Kh7 42. Qf7+ Qg7 43. Qxg7+ Kxg7 44. Ne6+ 1-0

[Event "YUG-chT"]
[Site "Niksic"]
[Date "1996.??.??"]
[Round "?"]
[White "Stamenkovic, Zoran"]
[Black "Marinkovic, Ivan"]
[Result "1/2-1/2"]
[WhiteElo "2385"]
[BlackElo "2505"]
[PlyCount "92"]
[EventDate "1996.??.??"]
[EventType "team"]
[EventRounds "12"]
[EventCountry "YUG"]
[SourceTitle "EXT 2000"]
[Source "ChessBase"]
[SourceDate "1999.11.16"]
[SourceVersion "1"]
[SourceVersionDate "1999.11.16"]
[SourceQuality "1"]

1. d4 Nf6 2. c4 c5 3. d5 b5 4. cxb5 a6 5. bxa6 g6 6. Nc3 Bxa6 7. e4 Bxf1 8. Kxf1 d6 9. Nf3 Bg7 10. g3 Nbd7 11. Kg2 0-0 12. Re1 Qb6 13. h3 Ne8 14. Qd2 Nc7 15. b3 Qb4 16. Bb2 Nb5 17. Na4 Qxd2 18. Nxd2 Bxb2 19. Nxb2 Nd4 20. Rec1 f5 21. Nbc4 Ra7 22. Rc3 Rb8 23. a4 fxe4 24. Nxe4 Rxb3 25. Rxb3 Nxb3 26. Ra3 Nd4 27. Ra2 h6 28. Nc3 Kf7 29. Rb2 Ke8 30. f4 Kd8 31. g4 Kc7 32. Kg3 Ra8 33. Kf2 Rh8 34. Ne4 Ra8 35. Nc3 Rh8 36. Ne4 Ra8 37. Nc3 h5 38. Kg3 Nf6 39. Ne3 Rh8 40. Rb1 Nd7 41. Nc4 Ra8 42. Rb2 Rh8 43. Rb1 h4+ 44. Kf2 Rf8 45. Ke3 Nc2+ 46. Ke4 Nf6+ 1/2-1/2

[Event "YUG-ch sf"]
[Site "Niska Banja"]
[Date "1996.??.??"]
[Round "6"]
[White "Stamenkovic, Zoran"]
[Black "Markovic, Miroslav"]
[Result "0-1"]
[WhiteElo "2385"]
[BlackElo "2485"]
[PlyCount "72"]
[EventDate "1996.??.??"]
[EventType "swiss"]
[EventRounds "11"]
[EventCountry "YUG"]
[SourceTitle "EXT 2002"]
[Source "ChessBase"]
[SourceDate "2001.11.25"]
[SourceVersion "1"]
[SourceVersionDate "2001.11.25"]
[SourceQuality "1"]

1. d4 Nf6 2. c4 g6 3. g3 Bg7 4. Bg2 0-0 5. Nc3 d6 6. Nf3 Nc6 7. 0-0 Bg4 8. d5 Na5 9. b3 c5 10. Bb2 a6 11. Nd2 Rb8 12. Qc2 b5 13. Rfe1 e5 14. dxe6 Bxe6 15. cxb5 axb5 16. e4 Nc6 17. Nf3 c4 18. bxc4 bxc4 19. Ba3 Nb4 20. Bxb4 Rxb4 21. Rad1 Qb6 22. Re2 Ng4 23. h3 Ne5 24. Nxe5 Bxe5 25. Kh2 Qc5 26. Qc1 Rfb8 27. Rc2 Bxc3 28. Rxc3 Qxf2 29. Rc2 Qc5 30. Qf4 R4b6 31. Rcd2 c3 32. Rxd6 Rxd6 33. Rxd6 Rb1 34. g4 Qc7 35. e5 c2 36. Qf6 Qxd6 0-1

[Event "YUG-ch sf"]
[Site "Niska Banja"]
[Date "1996.??.??"]
[Round "4"]
[White "Stamenkovic, Zoran"]
[Black "Stanojevic, Branko"]
[Result "1-0"]
[WhiteElo "2385"]
[BlackElo "2360"]
[PlyCount "57"]
[EventDate "1996.??.??"]
[EventType "swiss"]
[EventRounds "11"]
[EventCountry "YUG"]
[SourceTitle "EXT 2002"]
[Source "ChessBase"]
[SourceDate "2001.11.25"]
[SourceVersion "1"]
[SourceVersionDate "2001.11.25"]
[SourceQuality "1"]

1. d4 Nf6 2. c4 c5 3. d5 b5 4. cxb5 a6 5. bxa6 Bxa6 6. Nc3 g6 7. e4 Bxf1 8. Kxf1 d6 9. g3 Bg7 10. Nf3 0-0 11. Kg2 Nbd7 12. Re1 Ng4 13. Nd2 Nge5 14. Qe2 Nb6 15. f4 Ned7 16. a4 Bxc3 17. bxc3 Rxa4 18. Rxa4 Nxa4 19. c4 Qa5 20. e5 Qb4 21. exd6 exd6 22. Qe7 Ndb6 23. Ne4 Nxc4 24. Nf6+ Kg7 25. f5 Qxe1 26. Nh5+ Kg8 27. Nf6+ Kg7 28. Bh6+ Kxh6 29. Ng4+ 1-0

[Event "YUG-ch sf"]
[Site "Niska Banja"]
[Date "1996.??.??"]
[Round "3"]
[White "Vujosevic, Vladimir"]
[Black "Stamenkovic, Zoran"]
[Result "1/2-1/2"]
[WhiteElo "2400"]
[BlackElo "2385"]
[PlyCount "67"]
[EventDate "1996.??.??"]
[EventType "swiss"]
[EventRounds "11"]
[EventCountry "YUG"]
[SourceTitle "EXT 2002"]
[Source "ChessBase"]
[SourceDate "2001.11.25"]
[SourceVersion "1"]
[SourceVersionDate "2001.11.25"]
[SourceQuality "1"]

1. e4 e6 2. d3 d5 3. Nd2 Nf6 4. Ngf3 b6 5. g3 dxe4 6. dxe4 Bb7 7. Qe2 Nc6 8. Bg2 a5 9. e5 Nd7 10. 0-0 Ba6 11. Nc4 a4 12. Bf4 Ra7 13. Qe4 Nb4 14. Rfd1 Bb7 15. Qe2 Qa8 16. Ne3 Be7 17. Bg5 Bxg5 18. Nxg5 Bxg2 19. Nxg2 Qc6 20. c3 Nd5 21. c4 Ne7 22. Nf4 Ra5 23. Nf3 Ng6 24. Nxg6 hxg6 25. Qd3 0-0 26. Qxd7 Qxf3 27. Qxc7 Rc5 28. Qxb6 Rxc4 29. Rac1 Kh7 30. b3 Rc2 31. Qd4 axb3 32. axb3 Rxc1 33. Rxc1 Qxb3 34. Qc3 1/2-1/2

[Event "Belgrade Trako"]
[Site "Belgrade"]
[Date "1995.??.??"]
[Round "8"]
[White "Badea, Bela"]
[Black "Stamenkovic, Zoran"]
[Result "1-0"]
[WhiteElo "2490"]
[BlackElo "2415"]
[PlyCount "83"]
[EventDate "1995.03.??"]
[EventType "tourn"]
[EventRounds "13"]
[EventCountry "YUG"]
[EventCategory "9"]
[SourceTitle "CBM 047 Extra"]
[Source "ChessBase"]
[SourceDate "1995.09.01"]
[SourceVersion "1"]
[SourceVersionDate "1995.09.01"]
[SourceQuality "1"]

1. c4 f5 2. Nf3 Nf6 3. g3 g6 4. Bg2 Bg7 5. 0-0 0-0 6. Nc3 d6 7. d4 c6 8. d5 e5 9. dxe6 Bxe6 10. Qd3 Na6 11. Ng5 Qe7 12. Bf4 Rad8 13. Rad1 Ng4 14. Nxe6 Qxe6 15. b3 Nc5 16. Qc2 Qf6 17. Bd2 Ne6 18. e3 h5 19. Ne2 Qe7 20. e4 h4 21. h3 Nh6 22. exf5 gxf5 23. Nf4 Nxf4 24. Bxf4 Qf6 25. Rfe1 Nf7 26. Qe2 Rd7 27. Qh5 hxg3 28. fxg3 Rfd8 29. Rf1 d5 30. cxd5 cxd5 31. Bc1 Qc3 32. Rf3 Qc2 33. Rxf5 d4 34. Rdf1 Qc7 35. Kh2 d3 36. Bd2 Ne5 37. Be4 Rf7 38. Rxf7 Nxf7 39. Qh7+ Kf8 40. Bb4+ Rd6 41. Bxd6+ Qxd6 42. Bxd3 1-0